Equador - Statistics

Estatísticas Gerais
  • Esse quiz foi jogado 5 vezes
  • A pontuação média é 2 de 15
Estatísticas das Respostas
Imagem Resposta % Correto
Parque Histórico de Guayaquil
67%
Quito
67%
Chimborazo
33%
Cotopaxi
33%
Galápagos
33%
Baños
0%
Basílica do Voto Nacional
0%
Cuenca
0%
Guaiaquil
0%
Igreja da Companhia de Jesus
0%
Ilha de Bartolomé
0%
Ilha de Seymour Norte
0%
Mitad del Mundo
0%
Quilotoa Lake
0%
South Plaza Island
0%
Nenhum quiz correspondente encontrado
Distribuição das Pontuações
Porcentagem de Pessoas com Cada Pontuação
Percentil de Números Respondidos
Sua Pontuação Histórica
Você não jogou esse quiz